000 01187nam a2200349 a 4500
001 55571
005 20230410105229.0
008 850124s1983 sp af b f000 0 spa
010 _a 85109674
035 _a(OCoLC)ocm14215446
040 _aDLC
_cDLC
020 _a8460033147
020 _a9788460033141
035 _a(OCoLC)14215446
043 _ae-sp---
050 1 4 _aDP402.F39
_bM236p 1983
082 0 _a963.6
_219
100 1 _aMaluquer de Motes y Nicolau, Juan.
245 1 3 _aEl poblado paleoibérico de La Ferradura, Ulldecona (Tarragona) /
_cJuan Maluquer de Motes.
260 _aBarcelona :
_bDepartamento de Prehistoria y Arqueología,
_c1983.
300 _a32 p., [4] p. of plates :
_bill. ;
_c29 cm.
490 1 _aPrograma de Investigaciones Protohistóricas ;
_v7
504 _aIncludes bibliographical references.
651 0 _aFerradura Site (Spain)
651 0 _aUlldecona Region (Spain)
_xAntiquities.
650 0 _aExcavations (Archaeology)
_zSpain
_zUlldecona Region.
651 0 _aSpain
_xAntiquities.
830 0 _aPrograma de Investigaciones Protohistóricas (Series) ;
_v7.
942 _2lcc
_cbk
994 _aC0
_bDRFGD
946 _acsexposito
999 _c32538
_d32538